000 01501cam a22004574i 4500
003 PE-LiUPU
005 20250731184542.0
008 150623s r 000 0 d
020 _a051726305X
035 _a(Sirsi) i9780517263051
040 _aPE-LiUPU
_bspa
_cPE-LiUPU
_erda
049 _aPRUA
082 0 4 _a956.94
_bH45
_221
245 0 4 _aThe holy land :
_ba picture book to remember her by /
_cDavid Gibbon, dis.
264 1 _aNew York, NY :
_bCrescent Books,
_c1978.
300 _a[s. p.] :
_bilustraciones fotos ;
_c27 centímetros
336 _atext
_2rdacontent
337 _aunmediated
_2rdamedia
338 _avolume
_2rdacarrier
505 0 _aThe holy land a picture book to remember her by.
526 _aP136
526 _aP135
526 _aP134
526 _aP133
526 _aP144
526 _aP143
526 _aP87
526 _aP35
526 _aP20
526 _aP14
526 _aP10
526 _aP06
651 _aJerusalén
_xDescripciones y viajes
_ySiglo XX.
700 1 _aGibbon, David,
_edis.
942 _2ddc
_cBOOK
949 _a956.94 H45
_wDEWEY
_c1
_i51701
_lCCODEBUL1
_mBUL
_p10.00
_r0
_sY
_tBOOK
_u2015-6-24
_xTEOLOGIA
_PP35
_0COMPRA
_o.STAFF. Colección General
994 _aC0
_bPEPRU
596 _a1
999 _a956.94 H45
_wDEWEY
_c33455
_i51701
_f2021-11-12
_g5
_lCCODEBUL1
_mBUL
_p10.00
_r0
_sY
_tBOOK
_u2015-6-24
_xTEOLOGIA
_PP35
_0COMPRA
_o.STAFF. Colección General
_d33455
980 _81
_gALBERTO SANCHEZ Responsable de Automatización